[Event "Titled Tuesday intern op 27th Jun Late"]
[Site "Chess.com INT"]
[Date "2023.06.27"]
[Round "7"]
[White "Adewumi, Tanitoluwa"]
[Black "Micic, Aleksa"]
[Result "1-0"]
[WhiteElo "2283"]
[BlackElo "2235"]
[PlyCount "59"]
[EventDate "2023.06.27"]
[EventType "swiss (blitz)"]
[EventRounds "11"]
[EventCountry "USA"]
[SourceTitle "EXT 2024"]
[Source "ChessBase"]
[SourceDate "2023.10.10"]
[SourceVersion "1"]
[SourceVersionDate "2023.10.10"]
[SourceQuality "1"]

1. e4 c5 2. Nf3 Nc6 3. Bb5 g6 4. Bxc6 dxc6 5. d3 Bg7 6. h3 Qc7 7. 0-0 e5 8. Be3 b6 9. Nbd2 Nf6 10. a3 0-0 11. b4 cxb4 12. axb4 Rd8 13. Qe2 h6 14. Nc4 Nd7 15. Ra3 Bb7 16. Rfa1 a6 17. Nh4 c5 18. bxc5 Nxc5 19. Nxb6 Qxb6 20. Rb3 Qc7 21. Bxc5 Qxc5 22. Rxb7 a5 23. Qf3 Rf8 24. Qg4 Qc6 25. Rab1 a4 26. R1b6 Qxc2 27. Nxg6 a3 28. Nxf8 a2 29. Ne6 a1Q+ 30. Kh2 1-0